Quizzes
Events
Quiz Creation
Community
Videos
Private Events
Remove Ads
Sign In
Join for FREE
Feedback
Dark Mode
Quiz Categories
Sports
Geography
Music
Movies
Television
Just For Fun
Miscellaneous
History
Literature
Language
Science
Gaming
Entertainment
Religion
Holiday
For Kids
Quiz Lab
Recent
Popular Today
Quiz Kudos Today
Editor Picks
Curator Picks
Quizzes by...
Day
Popularity
Type
Ratings
Length
Year
Community
Subscriptions
Recent Discussions
Orange Saloon
Badges
Playlists
Quests
Create
Leaderboards
Showdown
Live 5
Trivia Bingo
Activity
Puzzle Library
Sporcle Events
Private Events
Virtual Trivia
Globe League
Become a Host
Pub Owners
SporcleCon
Opinionation
Our Games
Videos
Blog
Mobile Apps
Partnerships
Remove Ads and Go Orange
Feedback
Music
Pop Music
The Beatles
Song
Album
Lyrics
Bands
Singers
Artist
Clip
Rock
Rap
Classical
Billboard
Country Music
Kpop
Taylor Swift
Music
Pop Music
The Beatles
Song
Album
Lyrics
Bands
Singers
Artist
Clip
Rock
Rap
Classical
Billboard
Country Music
Kpop
Taylor Swift
Random Quiz
Search Sporcle
×
Curator Pick
Curator Pick
Music
Song
Type in answers that appear in a list
Type in answers that appear in a list
Classic
Best Score? Go Orange.
Figure Out the Lyrics: Elton John Stats
Can you name the Name the Lyrics: Elton John I?
By
jblanch
10m
176 Questions
3,530 Plays
3,530 Plays
3,530 Plays
Comments
Comments
Give Quiz Kudos
Give Quiz Kudos
-
- Ratings
hide this ad
Replay
Link that replays current quiz
Next Quiz
Link to next quiz in quiz playlist
You Got
0%
They Got
Avg Score
57%
Avg Friend Score
Upgrade to see
Score Distribution
Jump to the score distribution portion of the page
Score
0/176
Timer
10:00
0
Plays Today
% Correct
I
96.5%
I
96.5%
I
96.5%
a
96.1%
a
95.7%
a
95.7%
and
95.4%
and
95.4%
and
95.4%
the
95.4%
the
95.4%
the
95.4%
the
95.4%
and
95.4%
the
95.4%
and
95.4%
And
95.4%
the
95.4%
the
95.4%
and
95.4%
the
95.4%
and
95.4%
the
95.4%
and
95.4%
the
95.4%
the
95.4%
the
95.4%
the
95.4%
an
84%
Me
82.2%
me
82.2%
me
82.2%
We
80.1%
We
80.1%
so
80%
when
75.8%
When
75.8%
When
75.8%
to
75%
to
75%
was
71.7%
Was
71.7%
was
71.7%
of
70.9%
of
70.9%
of
70.9%
my
69.6%
my
69.6%
my
69.6%
your
69.4%
rock
69.3%
Rock
69.3%
Rock
69.3%
rock
69.3%
Rock
69.3%
Rock
69.3%
had
69.2%
Had
69.2%
for
66.4%
% Correct
much
65.3%
young
65.2%
Crocodile
64.7%
Crocodile
64.7%
Crocodile
64.7%
Crocodile
64.7%
Crocodile
64.7%
Crocodile
64.7%
fun
64.2%
remember
63%
will
61.7%
were
61.6%
were
61.6%
is
61.3%
just
61.1%
just
61.1%
can't
60.8%
But
60.7%
time
60.7%
But
60.7%
But
60.7%
her
59.7%
ever
59.3%
never
58.6%
never
58.6%
never
58.6%
got
57.4%
got
57.4%
thing
55%
I
54.9%
I
54.9%
hands
53.9%
Suzie
53.7%
Suzie
53.7%
Suzie
53.7%
stones
53.5%
Rocking
53.1%
Rocking
53.1%
Rocking
53.1%
Holding
53%
still
53%
some
52.8%
own
52.7%
called
52.4%
guess
52.3%
old
51.9%
old
51.9%
knew
51.1%
by
50.4%
by
50.4%
better
50.3%
place
50%
feet
49.4%
doing
49.2%
biggest
48.6%
went
48%
went
48%
went
48%
Well
47.1%
% Correct
skimming
46.4%
other
46.4%
keep
46.4%
Chevy
45.9%
Chevy
45.9%
left
45.3%
bopping
45.2%
La-La-La-La-La
45.1%
La
45.1%
La-La-La-La-La
45.1%
La-La-La-La-La
45.1%
hopping
45.1%
out
44.8%
guy
44.8%
kids
44.3%
Clock
44%
kick
43.7%
Round
43.4%
While
42.9%
died
42.4%
tight
42.4%
Oh
42.2%
blue
41.7%
nights
41.3%
nights
41.3%
wore
40.1%
as
39.8%
years
39.8%
foreign
38%
Friday
37.2%
dresses
36.7%
Long
36.7%
record
36.6%
machine
36.3%
jeans
36.1%
up
36.1%
would
34.6%
sight
34.2%
those
33.3%
Dreaming
32.2%
gold
30.4%
thought
27.3%
last
27.1%
mama
26.9%
crying
25.6%
something
23.1%
really
22.7%
we've
21.6%
thrills
21.5%
shocking
21.2%
past
20.7%
Lawdy
19%
weeks
18.5%
fast
17.7%
kill
17.3%
they'll
16.9%
Burning
14.8%
Learning
11.8%
Quiz Playlist
Details
Report
Send in Message
Add To Playlist
Classic:
Type in answers that appear in a list
Last Updated: Feb 18, 2017
Curator Pick in
Song
Quiz Scoreboard
CHALLENGE
Sign Up to Join the Scoreboard
Show All
Scores
Hide
Comments
May contain spoilers
Recently Published
Movies - When Are They Set?
by FPL_Elf
Movies
5m
Popular People in 1961
by mucciniale
History
6m
1-10 Letter E Words III
by El_Dandy
Language
2m
More to Explore
Quiz From the Vault
Featured Blog Post
Where Did the Easter Bunny Come From?
hide this ad
You Might Also Like...
Tags
Song Quiz
elton
Figure Out the Lyrics
john
Today's Top Quizzes in Music
Browse Music
hide this ad
Today's Top Quizzes in Song
Browse Song
Top Contributed Quizzes in Music
1
Taylor Swift All Songs (2024)
2
2010s Album by Cover III
3
Guess the Artist- 70s Songs
4
One Thing in Common: Music
5
Taylor Swift Logic Puzzle
6
Guess the Taylor Swift song (Mystery Song)
7
2010s Album by Cover IV
8
2010s Album by Cover V
9
KPOP LOGIC QUIZ
10
Kpop Logic Quiz
Explore More
Trending Topics
NBA
Kpop
Harry Potter
Crossword
Anime
Marvel
Disney
The Office
NFL
Pokémon
Puzzle
Soccer
WWE
Song
Country
hide this ad
More By:
jblanch
Quiz
Plays
Rating
Category
Featured
Created
Juliet's Dramatic Balcony Monologue
39,518
4.61
Literature
Mar 15, 2011
Fictional Newspapers
20,231
3.88
Miscellaneous
Jan 26, 2011
Harry Potter Mystery Excerpt
4,430
4.12
Literature
Aug 7, 2011
Figure Out the Lyrics: Elton John
3,530
3.46
Music
Mar 12, 2011
Harry Potter Things Challenge
934
3.00
Literature
Jan 27, 2011
Go to Creator's Profile
Score Distribution
Quiz Creator Spotlight
jblanch
Follow
Send a Message
Quizzes Created
-
Created Quiz Play Count
-
More By This Creator
Popular Quizzes Today
1
Find the Countries of Europe - No Outlines Minefield
2
Find the US States - No Outlines Minefield
3
The Countries of the World
4
Popular People in 1961
5
US States
6
1-10 Letter E Words III
7
Find the US States
8
One Thing in Common: World Cities II
More Music Quizzes
Bands/Artists From Birmingham
Quiz Lab
Trending Quizzes
Risky Map Clicking: Least Populous States A-Z
1-10 Letter F Words
1-10 Letter G Words
One Thing in Common: United Kingdom
Risky Map Clicking: Next State Alphabetically
Recently Updated
Leaping Animals
pecheneg
Reality TV Shows (A-Z)
bhenderson79
Rickey Henderson's Hall of Fame Teammates
pecheneg
Champions League XIs: Arsenal
pecheneg
Quick Pick: Celebrities in WWE's Hall of Fame
aduchscher
A-Z Keypad Blitz II
pecheneg
Multiple Oscar Actors
pecheneg
Mystery Phrase Blitz: Oscar 'Best Actors'
pecheneg
F. Scott Fitzgerald Novels
LTH
Pick 3 Villains
ddd62291
Trending Topics
Harry Potter
Crossword
Anime
Disney
NBA
Marvel
Kpop
WWE
Pokémon
NFL
Country
Soccer
The Office
Song
Puzzle
Your Account Isn't Verified!
In order to create a playlist on Sporcle, you need to verify the email address you used during registration. Go to your
Sporcle Settings
to finish the process.
Report this User
Report this user for behavior that violates our
Community Guidelines
.
Details:
Send Report
Go to the Sporcle.com Mobile Site →
Comments